000
00480nam a2200145Ia 4500
008
100122s9999 xx 000 0 und d
082
_b
21807
_a
641.35
100
_a
उद्यम
245
_a
भाजीपाल्याची लागवड
260
_b
उद्यम प्रकाशन
_c
1973
300
_a
104
630
_a
भाजीपाल्याची लागवड
730
_a
भाजीपाल्याची लागवड
942
_c
BOOK
999
_c
409762
_d
409759